MDQL
is popping MORE tags! Check the
thread
!
Quizzes
Events
Quiz Creation
Community
Videos
Private Events
Remove Ads
Sign In
Join for FREE
Feedback
Dark Mode
Quiz Categories
Sports
Geography
Music
Movies
Television
Just For Fun
Miscellaneous
History
Literature
Language
Science
Gaming
Entertainment
Religion
Holiday
For Kids
Quiz Lab
Recent
Popular Today
Quiz Kudos Today
Editor Picks
Curator Picks
Quizzes by...
Day
Popularity
Type
Ratings
Length
Year
Community
Subscriptions
Recent Discussions
Orange Saloon
Badges
Playlists
Quests
Create
Leaderboards
Showdown
Live 5
Trivia Bingo
Activity
Puzzle Library
Sporcle Events
Private Events
Virtual Trivia
Globe League
Become a Host
Pub Owners
SporcleCon
Opinionation
Our Games
Videos
Blog
Mobile Apps
Partnerships
Remove Ads and Go Orange
Feedback
Television
TV Characters
TV Show
Sitcom
Network
Friends
Reality Shows
Cast
South Park
Star Trek
The Simpsons
Doctor Who
Television
TV Characters
TV Show
Sitcom
Network
Friends
Reality Shows
Cast
South Park
Star Trek
The Simpsons
Doctor Who
Random Quiz
Search Sporcle
×
Quiz Lab
Quiz Lab
Television
Teen Wolf
Type in answers that appear in a list
Type in answers that appear in a list
Classic
Best Score? Go Orange.
Teen Wolf Stats
Do you think you know everything about teen wolf?
By
jessschuh76
13m
50 Questions
8,439 Plays
8,439 Plays
8,439 Plays
Comments
Comments
Give Quiz Kudos
Give Quiz Kudos
-
- Ratings
hide this ad
Forced Order
Answers have to be entered in order
Answers have to be entered in order
Replay
Link that replays current quiz
Next Quiz
Link to next quiz in quiz playlist
You Got
0%
They Got
Avg Score
23%
Avg Friend Score
Upgrade to see
Score Distribution
Jump to the score distribution portion of the page
Score
0/50
Timer
13:00
0
Plays Today
Question
Answer
% Correct
Where did Jackson move to?
London
63.7%
Who did Peter Hale kill to get the alpha powers?
Laura Hale
55.6%
Is Jackson immune to kanima venom?
No
55%
When is a door not a door?
When it's ajar
52.3%
Who is Lydia's anchor?
Stiles Stilinski
49.5%
Who has ADHD?
Stiles Stilinski
48.4%
As of season 5b, is Deucalion blind?
No
44.4%
Which twin died?
Aiden
42.7%
Who is the first character to ever be named in the show?
Stiles Stilinski
41.2%
Which Argent did Derek Hale date?
Kate Argent
40.4%
Who's parents are divorsed?
Scott McCall
40.1%
Who gave Kate Argent the plans to burn down the Hale house?
Mr. Harris
39.9%
Where did Isaac move to?
France
37.6%
What three things cannot long remain hidden?
The sun, the moon, the truth
37.6%
Kira Yukimura is half Japanese and half.....
Korean
36.8%
Who did Dr. Deaton say he loved?
Talia Hale
36.5%
What movie franchise has Scott never seen?
Star Wars
34.9%
Lorraine Martin was a.....
Banshee
32.1%
Who is Malia's birth mother?
The Desert Wolf
29.9%
Stiles's real name is of what ethnicity?
Polish
26.7%
Who made Deucalion blind?
Gerard Argent
26.5%
What is Scott's dad?
FBI agent
26.3%
What was the name of the first ever episode?
Wolf Moon
23.4%
Who has IED?
Liam Dunbar
22.5%
Jennifer Blake was who's emmisary?
Kali
22.4%
Question
Answer
% Correct
Chris Argent said his dad did what to his dog?
Killed it
22%
What kind of kitsune is Kira
Thunder kitsune
20.9%
Who originally 'created' the nogitsune?
Noshiko
20.6%
Question 34 is a saying from what religion?
Buddhism
16.1%
What is the name of the group of hunters who live in Mexico?
The Calaveras
14.3%
What does Druid mean?
Wise oak
14.2%
Who killed Dr. Valack?
Lydia Martin
9.6%
Who did Stiles think the kanima master was before there was any evidence of any kind?
Matt Daehler
8.7%
In season 1, what injury did Scott inflict on Jackson accidently?
Dislocated Jackson's shoulder
7.3%
Who killed Lorraine Martin?
Brunski
6.3%
Who is a Buddhist alpha?
Satomi Ito
5.5%
Who were the guardians the darach was going to sacrifice?
Melissa McCall, Sheriff Stilinski, and Chris Argent
5.1%
Where is the book about the dread doctors found?
Tracy's room
4.9%
What does Theo Raeken do to his father?
Breaks his arm
4.9%
What is Beacon Hills High School's mascot?
Cyclones
4.7%
How did Claudia Stilinski die?
Frototemporal dementia
4.1%
Who killed Noshiko's secret boyfriend during World War II?
Satomi Ito
4%
How does Scott separate Stiles and the Nogistune?
He howls
3.7%
How does Sebastien Valet know The Surgeon?
The Surgeon is his friend Marcel
3%
Which bathroom does Malia shower in while in Eichen House?
Guy's Bathroom
2.9%
Which chimeras do Theo bring back to life?
Josh, Tracy, Corey, and Hayden
1.8%
Why does Victoria Argent kill herself?
She was bit by an alpha werewolf
1.8%
Why does Allison become a hunter in season 2?
Gerard used her grief for her mother to make her hate werewolves
1.6%
Why did Lydia turn into a banshee instead of a werewolf?
The banshee powers are genetic
1.1%
Eichen House used to be a....
Japanese internment camp during World War II
1.1%
Quiz Playlist
Details
Report
Send in Message
Add To Playlist
Classic:
Type in answers that appear in a list
Forced Order:
Answers have to be entered in order
Last Updated: Feb 16, 2017
Quiz Scoreboard
CHALLENGE
Sign Up to Join the Scoreboard
Show All
Scores
Hide
Comments
May contain spoilers
Recently Published
Holiday 10x10 Sorting Gallery
by lukepisani3
Holiday
15m
Two Season TV Shows II
by 123Four
Television
10m
Image Sorting: Flags VI
by Barbecue
Geography
2m
More to Explore
Quiz From the Vault
Featured Blog Post
14 Easter Pick-up Lines to Find Eggs With
hide this ad
You Might Also Like...
Tags
MTV
MTV Teen
Teen Wolf
Today's Top Quizzes in Television
Browse Television
hide this ad
Today's Top Quizzes in Teen Wolf
Browse Teen Wolf
Top Contributed Quizzes in Television
1
Survivor Journey Challenge
2
Even More Two Season TV Shows
3
Adjectives in 00s TV Shows
4
Brooklyn Nine Nine Logic Puzzle (How-To-Play)
5
Adjectives in 10s TV Shows
6
Click the SpongeBob Episodes (Season 3)
7
Even More Three Season TV Shows
8
Survivor Logic Puzzle: Heroes vs. Villains
9
Total Drama Characters
10
Survivor Heroes vs. Villains Logic Puzzle
Explore More
Trending Topics
Anime
Harry Potter
NBA
Kpop
Marvel
Crossword
Disney
Soccer
Pokémon
Song
Puzzle
NFL
The Office
WWE
Country
hide this ad
More By:
jessschuh76
Quiz
Plays
Rating
Category
Featured
Created
Teen Wolf
8,439
1.75
Television
Aug 8, 2016
Go to Creator's Profile
Score Distribution
Quiz Creator Spotlight
jessschuh76
Follow
Send a Message
Quizzes Created
-
Created Quiz Play Count
-
More By This Creator
Popular Quizzes Today
1
Find the US States - No Outlines Minefield
2
Colored Red Africa Blitz
3
Find the 'City' Movie
4
The Countries of the World
5
5x2 Blitz: Bands
6
Find the Countries of Europe - No Outlines Minefield
7
Find the US States
8
US States
More Television Quizzes
Friends Episodes
Published
Trending Quizzes
Colored Red Europe Blitz I
Colored Red Africa Blitz II
Colored Red Europe Blitz II
Even More Two Season TV Shows
Colored Red Africa Blitz III
Recently Updated
Odd Team Out - Big 4 Players
pecheneg
Quick Pick: 20 Twenties
pecheneg
March Madness Men's Triple Doubles
pecheneg
How Do You Spell That?
pecheneg
Godzilla Movies
pecheneg
Grab Bag: 4-10 Letters
pecheneg
2024 March Madness Bracket
pecheneg
Famous TV Couples
Peacemaker
Champions League XIs: Real Madrid
pecheneg
Largest US Cities 1790-2010
pecheneg
Trending Topics
NBA
Crossword
Marvel
Disney
Anime
Harry Potter
Kpop
Song
The Office
NFL
Puzzle
WWE
Pokémon
Soccer
Country
Your Account Isn't Verified!
In order to create a playlist on Sporcle, you need to verify the email address you used during registration. Go to your
Sporcle Settings
to finish the process.
Report this User
Report this user for behavior that violates our
Community Guidelines
.
Details:
Send Report
Go to the Sporcle.com Mobile Site →
Comments